| 000 | 00000nam##2200000za#4500 |
| 001 | 9.604281 |
| 003 | CaOODSP |
| 005 | 20210624211506 |
| 007 | cr ||||||||||| |
| 008 | 150406|2006||||xxc|||||o f|0| 0 fre|d |
| 040 | |aCaOODSP|bfre |
| 043 | |an-cn--- |
| 086 | 1 |aTU3-5/06-36F-PDF |
| 110 | 2 |aBureau de la sécurité des transports du Canada. |
| 245 | 10|aSortie de piste du SA226-TC C-FTNV de Swearingen Aircraft Corporation, exploité par Perimeter Aviation Ltd. à Norway House (Manitoba), le 8 novembre 2006 |h[ressource électronique] |
| 260 | |aGatineau - Québec : |bBureau de la sécurité des transports du Canada |c2007. |
| 300 | |a11p.|bphotographies |
| 490 | 1 |aRapport d'enquête aéronautique |vA06C0181 |
| 500 | |a« Le Bureau a autorisé la publication du rapport le 6 décembre 2007 » --p.11. |
| 590 | |a12-33-Supp|b2012-07-18 |
| 775 | 08|tDeparture from runway surface - Perimeter Aviation Ltd. Swearingen Aircraft Corporation SA226-TC C-FTNV, Norway House, Manitoba, 08 November 2006 |w(CaOODSP)9.574537 |
| 830 | #0|aRapport d'enquête aéronautique ;|vA06C0181|w(CaOODSP)9.501229 |
| 856 | 40|ahttp://publications.gc.ca|qPDF|s204 Ko|uhttps://publications.gc.ca/collections/collection_2012/bst-tsb/TU3-5-06-36-fra.pdf|yA06C0181 |